Sleeping in the woods.

Bibliographic Details
Main Author: Wagoner, David
Format: Book
Language:English
Published: Bloomington : Indiana University Press, [1974]

MARC

Tag First Indicator Second Indicator Subfields
LEADER 00000cam a2200000 4500
001 in00000154787
005 20151008065850.0
008 740426s1974 inu 00000 eng
010 |a  74003617  
020 |a 0253353459 
035 |a (OCoLC)00900989 
035 |9 AAS1480AM 
040 |a DLC  |c DLC  |d OCL  |d TXA  |d UtOrBLW 
049 |a TXAM  |c [719011] 
050 0 0 |a PS3545.A345  |b S5 
082 0 |a 811/.5/4 
100 1 |a Wagoner, David. 
245 1 0 |a Sleeping in the woods. 
264 1 |a Bloomington :  |b Indiana University Press,  |c [1974] 
300 |a 79 pages ;  |c 22 cm. 
336 |a text  |b txt  |2 rdacontent 
337 |a unmediated  |b n  |2 rdamedia 
338 |a volume  |b nc  |2 rdacarrier 
500 |a Poems. 
999 |a MARS 
999 f f |s 7ca8c9e4-fbd6-39c7-b81f-bc3c094a34a3  |i d78c2a27-5136-35fe-aeb3-029afec4df0d  |t 0 
952 f f |p ric  |a Texas A&M University  |b Rellis Campus  |c Joint Library Facility  |d Remote Storage  |t 0  |e PS3545.A345 S5  |h Library of Congress classification  |i unmediated -- volume  |m A14804113412 
998 f f |a PS3545.A345 S5  |t 0  |l Remote Storage